• 首页
  • 本馆介绍
  • 公告通知
  • 最新文献
  • 馆藏检索
  • 电子资源
  • 读者导购
  • 参考咨询
  • 我的图书馆
  • 登录
  • 详细信息显示
  • 放入我的书架
  • 预约/预借图书
  • 作者相关作品
  • 分类相关作品
  • 丛书相关作品
  • 出版社相关作品

书目信息

  • 表格格式
  • 工作单格式
  • 卡片格式
题名:
区域高校图书馆战略规划与评估
    
 
作者: 王海 著
分册:  
出版信息: 北京   现代出版社  2019.9
页数: 186页
开本: 24cm
丛书名:
单 册:
中图分类: G259.256
科图分类:
主题词: 院校图书馆--yuan jiao tu shu guan--图书馆工作--研究--中国
电子资源:
ISBN: 978-7-5143-8143-6
000 00919nam0 2200229 450
001 2159516455
005 20211011172912.0
010    @a978-7-5143-8143-6@dCNY48.00
100    @a20191122d2019 em y0chiy0120 ea
101 0  @achi
102    @aCN@b110000
105    @aak z 000yy
106    @ar
200 1  @a区域高校图书馆战略规划与评估@Aqu yu gao jiao tu shu guan zhan lue gui hua yu ping gu@f王海著
210    @a北京@c现代出版社@d2019.9
215    @a186页@c图@d24cm
330    @a本书在总结海南高校图书馆整体发展的创新与实践的同时,找出存在的不足之处,进行分析并探讨解决对策,进一步完善新形势下区域高校图书馆整体战略规划的制订与评估工作,同时也为国内其他省市制定和评估本地区高校图书馆战略发展规划起到抛砖引玉的作用。
606 0  @a院校图书馆@Ayuan jiao tu shu guan@x图书馆工作@x研究@y中国
690    @aG259.256@v5
701  0 @a王海@Awang hai@4著
801  0 @aCN@b百万庄@c20211009
905    @b1307900-03@dG259.256@e45@f4
    
    区域高校图书馆战略规划与评估/王海著.-北京:现代出版社,2019.9
    186页:图;24cm
    
    
    ISBN 978-7-5143-8143-6:CNY48.00
    本书在总结海南高校图书馆整体发展的创新与实践的同时,找出存在的不足之处,进行分析并探讨解决对策,进一步完善新形势下区域高校图书馆整体战略规划的制订与评估工作,同时也为国内其他省市制定和评估本地区高校图书馆战略发展规划起到抛砖引玉的作用。
●
相关链接 在E读中查询图书 在五车中查询图书 在当当中查询图书 在豆瓣中查询图书


正题名:区域高校图书馆战略规划与评估     索取号:G259.256/45         预约/预借

序号 登录号 条形码 馆藏地/架位号 状态 备注
1 1307900   213079005   第一样本阅览室/ [索取号:G259.256/45] 在馆    
2 1307901   213079014   第四借阅区/ [索取号:G259.256/45] 在馆    
3 1307902   213079023   第四借阅区/ [索取号:G259.256/45] 在馆    
4 1307903   213079032   第四借阅区/ [索取号:G259.256/45] 在馆    
唐山师范学院图书馆 欢迎您!
大连网信软件有限公司© 版权所有